000 00303nam a2200121Ia 4500
008 190216s9999||||xx |||||||||||||| ||und||
100 _aJoshi Deep Chandra
245 0 _aQuantum Electro Dynamics And Practical Physics
260 _bI.K.International
300 _a550
650 _aPhysics
942 _cBK
999 _c34134
_d34134